00486 2200181 4500001002100000005001500021035002000036245008000056100001200136250000600148300003100154260003700185082001300222084001900235020002200254600001100276990001700287INLIS00000000000153520230307120107 a0010-03230000351 aAyo Sholat di Awal Waktu :bLet's Pray At The Beginning Of Time /cRofiq A0 aRofiq A a- a24 hlm. :bilus. ;c19 cm. aBandung :bAktif Media,c[ s.a ] a297.3822 a297.3822 ROF a a978-602*0800-92-9 4aShalat a05050/H/2023